Регионална библиотека "Любен Каравелов" - Русе

Трудовото възпитание на пионерите (Запис номер 125338)

MARC детайли
000 -Лидер
Контролно поле с фиксирана дължина nam a22 a 4500
003 - Код на организацията, давaща контролен номер
Контролно поле BLK
005 - Дата и час на последна редакция
Контролно поле 20221129171727.0
008 - Елементи от данни с фиксирана дължина
fixed length control field 180409b bul|||||r ||||||| ||bul||
040 ## - Източник на каталожния запис
Идентификатор на билиотеката - собственик на записа BLK
041 ## - Код за език
Код за езика на текст/звукозапис или на отделно заглавие Български
Код за езика КДБФ Български
080 ## - УДК
Текстов определител УДК Трудово възпитание
УДК код - определител по УДК 37.035.3
УДК определител (072)
УДК - код + определител 37.035.3(072)
100 1# - Редна дума - Автор
Автор Балкански, Петър Димитров
Авторска отговорност първи автор
R(LIN) 365301
139 ## - Редно поле
Редна дума Балкански, Петър Димитров
245 10 - Сведения за заглавието
Заглавие Трудовото възпитание на пионерите
Подзаглавни данни Метод. ръководство
Редно поле (дума) Петър Балкански.
257 ## - Страна на издаване
Страна на създаване/издаване България
260 ## - Област на издателските данни
Място на издаване, разпространение и проч. София
Име на издателя, разпространителя и проч. Нар. младеж
Година на издаване 1979
Печатница Ловеч : Хр. Кърпачев
300 ## - Физическа характеристика
Страници 104 с.
Размери/Мащаб 20 см
380 ## - Жанр
Жанр Обществени науки
500 ## - Общи забележки
Забележка Библиогр. с. 95-101.
650 #4 - Допълнително описание по предмет – тема
Основно описание – тема или топоним Трудово възпитание - педагогически въпроси
9 (RLIN) 251375
653 ## - Ключова дума – ненормативна
Ключова дума трудово възпитание
653 ## - Ключова дума – ненормативна
Ключова дума пионери
653 ## - Ключова дума – ненормативна
Ключова дума методика на образованието
852 ## - Местоположение
Форматна сигнатура Цб 100591
Фондова буква Хранилище
999 ## - СИСТЕМНИ КОНТРОЛНИ НОМЕРА
Koha biblionumber 125338
Koha biblioitemnumber 125338
942 ## - АРТИКУЛИ
Вид на библиотечния материал Книги
Скрит в OPAC Не
Периодичен библиозапис Да
944 ## - СЪЗДАВАНЕ И РЕДАКЦИЯ на ЗАПИСА
Създаване/Редакция Създаване
Дата на регистрацията/редакция 31.05.2012
Статус, дата на статуса 31.05.2012 - от С1,Р / 31.05.2012
Служител, извършил регистрацията/редакцията Виолета_Тройчева
944 ## - СЪЗДАВАНЕ И РЕДАКЦИЯ на ЗАПИСА
Създаване/Редакция Редакция
Дата на регистрацията/редакция 2022-11-29
Наличности
Код за отписване Код за изгубен артикул Източник на класификационната схема Код за повреда Коз за рестрикции Код за отдаване Артикулен № Име на библиотеката - собственик Име на библиотеката, в която се намира в момента Статус (Текущо местоположение) Дата на вписване в системата Местоположение - отдел Цена в лева Инвентарен номер Систематично азбучна сигнатура Баркод Номер на екземпляра Цена в евро Служебна бележка Служебен тип на артикула
  Не е изгубен Universal Decimal Classification Не е повреден без рестрикции ползва се в читалня 203826 Регионална библиотека "Любен Каравелов" Русе Регионална библиотека "Любен Каравелов" Русе Хранилище 1979-01-01 Хранилище 0.32 292357 Цб 100591 120000292357 1 0.16 Дост: Dp Вид: Д N: стар фонд Дата: 01.01.1979 Книги
Изтеглен Не е изгубен Universal Decimal Classification Не е повреден без рестрикции заемане за дома 203827 Регионална библиотека "Любен Каравелов" Русе Регионална библиотека "Любен Каравелов" Русе Заемна - подръчен фонд 1979-01-01 Заемна - подръчен фонд 0.32 293030 П 37.035.3/Б 23 293030 2 0.16 Дост: Pk Вид: Ф N: стар фонд Дата: 01.01.1979 Книги
Изтеглен Не е изгубен Universal Decimal Classification Не е повреден без рестрикции заемане за дома 203828 Регионална библиотека "Любен Каравелов" Русе Регионална библиотека "Любен Каравелов" Русе Заемна - подръчен фонд 1979-01-01 Заемна - подръчен фонд 0.00 293031 П 37.035.3/Б 23 293031 3 0.00 Дост: Pk Вид: Ф N: стар фонд Дата: 01.01.1979 Книги
Vip Innovations Ltd, Rousse, Bulgaria 2025